00845nam a2200229 a 450000100060000000300080000600500170001400800410003103500190007204000270009104100080011808200240012610000260015024501260017626000460030230000350034850400650038365000380044865000380048665100450052471000460056964558BD-RjUL20211209081324.0170216s1938 enkab b 001 0 eng d a(BD-RjUL)64688 aDLCcDLCdBD-RjULbeng aeng 223a943.7bWIC 19381 aWiskemann, Elizabeth.10aCzechs and Germans :ba study of the struggle in the historic provinces of Bohemia and Moravia /cby Elizabeth Wiskemann. aLondon :bOxford University Press,c1938. aviii, 299 p. :bill. ;c22 cm. aIncludes bibliographial references (p. [284]-287) and index. 0aGermanszCzech RepubliczBohemia. 0aGermanszCzech RepubliczMoravia. 0aCzechoslovakiaxPolitics and government.2 aRoyal Institute of International Affairs.